[Event "23rd Hogeschool Zeeland Open 2019"]
[Site "Vlissingen"]
[Date "2019.08.04"]
[Round "3.8"]
[White "Hausrath, Daniel"]
[Black "Duchene, Rene"]
[Result "1-0"]
[WhiteElo "2468"]
[BlackElo "2157"]
[Annotator "RC"]
[PlyCount "71"]
[EventDate "2019.08.03"]
[EventType "swiss"]
[EventCountry "NED"]
[SourceTitle "playchess.com"]
[Source "ChessBase"]
[SourceQuality "1"]
[TimeControl "40/5400+30:1800+30"]

1. Nf3 {[%emt 0:00:00]} d5 {[%emt 0:00:00]} 2. g3 {[%emt 0:00:07]} Nf6 {[%emt 0:00:15]} 3. Bg2 {[%emt 0:00:07]} Bf5 {[%emt 0:01:24]} 4. c4 {[%emt 0:01:33]} e6 {[%emt 0:00:36]} 5. b3 {[%emt 0:07:10]} c6 {[%emt 0:03:53]} 6. O-O {[%emt 0:00:19]} Nbd7 {[%emt 0:00:26]} 7. Bb2 {[%emt 0:00:10]} h6 {[%emt 0:04:18]} 8. d3 {[%emt 0:00:18]} Be7 {[%emt 0:02:08]} 9. Nbd2 {[%emt 0:00:09]} O-O {[%emt 0:00:34]} 10. a3 {[%emt 0:00:07]} a5 {[%emt 0:00:07]} 11. Qb1 {[%emt 0:03:13]} Bh7 {[%emt 0:05:48]} 12. Bc3 {[%emt 0:06:44]} Nc5 {[%emt 0:17:13]} 13. Qb2 {[%emt 0:07:42]} Qb6 {[%emt 0:06:22]} 14. Ne5 {[%emt 0:10:17]} Rfd8 {[%emt 0:02:33]} 15. Bd4 {[%emt 0:08:34]} Qa6 {[%emt 0:06:15]} 16. Rfc1 {[%emt 0:08:00]} Rac8 {[%emt 0:00:47]} 17. cxd5 {[%emt 0:03:10]} cxd5 {[%emt 0:00:26]} 18. Rc2 {[%emt 0:00:55]} Ne8 {[%emt 0:10:59]} 19. Rac1 {[%emt 0:03:25]} b6 {[%emt 0:00:42]} 20. b4 {[%emt 0:04:30]} f6 {[%emt 0:10:06]} 21. Nc6 {[%emt 0:05:26]} Rxc6 {[%emt 0:01:46]} 22. b5 {[%emt 0:00:17]} Qa8 {[%emt 0:00:39]} 23. bxc6 {[%emt 0:00:07]} Qxc6 {[%emt 0:00:15]} 24. Nb3 {[%emt 0:00:46]} Rc8 {[%emt 0:01:09]} 25. Bh3 {[%emt 0:06:11]} f5 {[%emt 0:01:56]} 26. Nxc5 {[%emt 0:04:04]} Bxc5 {[%emt 0:07:53]} 27. Bxc5 {[%emt 0:00:41]} bxc5 {[%emt 0:00:06]} 28. Rxc5 {[%emt 0:01:44]} Qxc5 {[%emt 0:00:08]} 29. Rxc5 {[%emt 0:00:05]} Rxc5 {[%emt 0:00:06]} 30. Qb6 {[%emt 0:00:33]} Rc1+ {[%emt 0:00:57]} 31. Kg2 {[%emt 0:00:02]} Nc7 {[%emt 0:00:59]} 32. g4 {[%emt 0:03:18]} g5 {[%emt 0:02:06]} 33. gxf5 {[%emt 0:01:34]} h5 {[%emt 0:00:49]} 34. fxe6 {[%emt 0:02:49]} g4 {[%emt 0:00:18]} 35. Qb8+ {[%emt 0:00:08]} Kg7 {[%emt 0:00:15]} 36. Qb2+ {[%emt 0:00:06]} 1-0

[Event "23rd Hogeschool Zeeland Open 2019"]
[Site "Vlissingen"]
[Date "2019.08.04"]
[Round "3.9"]
[White "Van Baar, Esper"]
[Black "Romanishin, Oleg M"]
[Result "1/2-1/2"]
[WhiteElo "2108"]
[BlackElo "2443"]
[Annotator "NA"]
[PlyCount "60"]
[EventDate "2019.08.03"]
[EventType "swiss"]
[EventCountry "NED"]
[SourceTitle "playchess.com"]
[Source "ChessBase"]
[SourceQuality "1"]
[TimeControl "40/5400+30:1800+30"]

1. e4 {[%emt 0:00:00]} c5 {[%emt 0:00:33]} 2. c3 {[%emt 0:00:19]} Qa5 {[%emt 0:00:36]} 3. g3 {[%emt 0:00:56]} Nc6 {[%emt 0:02:20]} 4. Bg2 {[%emt 0:05:11]} Nf6 {[%emt 0:07:33]} 5. Ne2 {[%emt 0:03:48]} d6 {[%emt 0:12:52]} 6. O-O {[%emt 0:03:06]} c4 {[%emt 0:09:28]} 7. b3 {[%emt 0:11:11]} cxb3 {[%emt 0:02:47]} 8. Qxb3 {[%emt 0:00:26]} Qa6 {[%emt 0:03:33]} 9. Re1 {[%emt 0:05:39]} e5 {[%emt 0:08:56]} 10. d4 {[%emt 0:04:10]} Be7 {[%emt 0:01:38]} 11. Na3 {[%emt 0:04:39]} O-O {[%emt 0:01:40]} 12. Nc4 {[%emt 0:02:08]} Na5 {[%emt 0:05:35]} 13. Nxa5 {[%emt 0:00:04]} Qxa5 {[%emt 0:00:04]} 14. Bd2 {[%emt 0:01:58]} Qc7 {[%emt 0:03:58]} 15. Rac1 {[%emt 0:03:38]} Be6 {[%emt 0:02:51]} 16. d5 {[%emt 0:03:00]} Bc8 {[%emt 0:00:52]} 17. c4 {[%emt 0:04:35]} Nd7 {[%emt 0:02:08]} 18. Be3 {[%emt 0:05:07]} Nc5 {[%emt 0:01:39]} 19. Qa3 {[%emt 0:02:09]} b6 {[%emt 0:00:27]} 20. Rc2 {[%emt 0:06:41]} Bd7 {[%emt 0:03:41]} 21. Nc1 {[%emt 0:01:58]} f5 {[%emt 0:03:00]} 22. f3 {[%emt 0:00:13]} f4 {[%emt 0:02:20]} 23. Bf2 {[%emt 0:02:44]} g5 {[%emt 0:03:47]} 24. g4 {[%emt 0:01:09]} Rfc8 {[%emt 0:01:52]} 25. Nd3 {[%emt 0:06:27]} Nxd3 {[%emt 0:01:11]} 26. Qxd3 {[%emt 0:00:03]} Qb7 {[%emt 0:00:07]} 27. Bf1 {[%emt 0:06:50]} Qa6 {[%emt 0:02:00]} 28. Rc3 {[%emt 0:00:55]} Rc7 {[%emt 0:00:57]} 29. Ra3 {[%emt 0:01:30]} Qc8 {[%emt 0:00:10]} 30. Rb1 {[%emt 0:01:53]} Kg7 {[%emt 0:03:54]} 1/2-1/2

[Event "23rd Hogeschool Zeeland Open 2019"]
[Site "Vlissingen"]
[Date "2019.08.04"]
[Round "3.10"]
[White "Leenhouts, Koen"]
[Black "Tibke, Jonas"]
[Result "1-0"]
[WhiteElo "2426"]
[BlackElo "1937"]
[Annotator "TA"]
[PlyCount "103"]
[EventDate "2019.08.03"]
[EventType "swiss"]
[EventCountry "NED"]
[SourceTitle "playchess.com"]
[Source "ChessBase"]
[SourceQuality "1"]

{[%evp 14,103,46,40,93,69,75,29,58,48,45,41,131,135,145,138,237,212,260,255,252,264,262,157,141,131,136,126,127,128,222,135,136,134,128,132,131,130,129,125,125,126,154,160,145,144,147,116,123,120,246,250,235,230,287,286,322,293,340,331,341,333,313,290,399,400,378,352,441,414,462,462,462,462,768,725,1219,1085,1106,1211,1248,1242,1125,672,1811,1682,6070,5795,5687,4631,4622,4622]} 1. e4 c6 2. d4 d5 3. e5 Bf5 4. Nf3 e6 5. Be2 c5 6. Be3 Nd7 7. O-O Ne7 8. c4 Bxb1 {B12: Caro-Kann: Advance Variation} (8... dxc4 $14 9. Na3 (9. Bxc4 a6 $14) (9. dxc5 Nd5 $11) 9... Nd5) (8... dxc4 9. Na3 c3 10. Nb5 Nd5 11. Nxc3 Nxc3 12. bxc3 Be7 13. dxc5 Bxc5 14. Qa4 Bxe3 15. Rad1 a6 16. fxe3 b5 17. Qf4 {1-0 (25) Shirov,A (2739)-Eljanov,P (2755) Moscow 2010}) 9. Qxb1 $146 ({Predecessor:} 9. Rxb1 Nc6 10. cxd5 exd5 11. Qb3 c4 12. Qxb7 Nb4 13. Qb5 Rb8 14. Qa4 Rb6 15. a3 Ra6 16. Qd1 {1-0 (44) Sar,C (1800)-Eryilmaz,E (1432) Istanbul 2018}) 9... cxd4 10. Bxd4 dxc4 {White has an edge.} 11. Bxc4 Nc6 12. Rd1 Nxd4 ({Better is} 12... Be7 $14) 13. Nxd4 $16 Qb6 14. Bb5 {Nxe6! is the strong threat.} Rd8 (14... O-O-O $16 {keeps fighting.}) 15. Qc2 {And now Rac1 would win.} a6 16. Ba4 Qc5 17. Qd3 b5 {[#]} 18. Nxb5 (18. Rac1 $1 $18 {[%cal Rc1c5]} Nxe5 19. Qe2) 18... axb5 19. Bxb5 Qa7 20. Rac1 Bc5 21. Bxd7+ Rxd7 (21... Qxd7 $16 {was called for.} 22. Qxd7+ Rxd7) 22. Qxd7+ Qxd7 23. Rxd7 Bxf2+ 24. Kxf2 Kxd7 {[%mdl 4096] Endgame KR-KR} 25. Ke3 Ra8 26. a3 Ra5 27. Ke4 f5+ 28. exf6 $1 gxf6 29. Rc3 Re5+ 30. Kf3 Re1 31. Rd3+ Kc6 {[#]} (31... Ke7 $16 32. b4 Rb1) 32. Re3 $1 $18 {[%cal Re3e1]} Rf1+ 33. Ke2 Rb1 34. Rxe6+ {[%mdl 64] Double Attack} Kd5 35. Rb6 ({Not} 35. Rxf6 Rxb2+ 36. Kf1 Ra2 $16) 35... f5 36. Rb5+ Ke4 37. Rb4+ Ke5 38. a4 Kd5 39. Kf3 Rf1+ 40. Kg3 Kc6 41. Rf4 Rb1 42. Rxf5 {White is clearly winning.} Rxb2 43. h4 Kd6 (43... Ra2 $142 44. a5 Kd7) 44. a5 {[%cal Ba4a5,Ba5a6][%mdl 32]} Ke6 45. Rh5 Rb3+ 46. Kh2 Rb7 47. a6 Ra7 48. Ra5 Kf6 49. g4 h6 50. Kg3 Kf7 51. Kf4 Kf6 52. Ke4 {Accuracy: White = 83%, Black = 31%.} 1-0

[Event "23rd Hogeschool Zeeland Open 2019"]
[Site "Vlissingen"]
[Date "2019.08.04"]
[Round "3.11"]
[White "Mijnster, Niels"]
[Black "Zwirs, Nico"]
[Result "0-1"]
[WhiteElo "2089"]
[BlackElo "2380"]
[Annotator "NA"]
[PlyCount "68"]
[EventDate "2019.08.03"]
[EventType "swiss"]
[EventCountry "NED"]
[SourceTitle "playchess.com"]
[Source "ChessBase"]
[SourceQuality "1"]
[TimeControl "40/5400+30:1800+30"]

1. d4 {[%emt 0:00:00]} d5 {[%emt 0:00:04]} 2. Bf4 {[%emt 0:00:00]} c5 {[%emt 0:00:20]} 3. e3 {[%emt 0:02:25]} cxd4 {[%emt 0:00:23]} 4. exd4 {[%emt 0:00:17]} Nc6 {[%emt 0:00:06]} 5. c3 {[%emt 0:01:05]} f6 {[%emt 0:00:25]} 6. Bd3 {[%emt 0:04:41]} e5 {[%emt 0:01:44]} 7. Qh5+ {[%emt 0:05:23]} g6 {[%emt 0:00:56]} 8. Bxg6+ {[%emt 0:00:29]} hxg6 {[%emt 0:00:11]} 9. Qxh8 {[%emt 0:00:24]} exf4 {[%emt 0:00:08]} 10. Qxg8 {[%emt 1:20:16]} Bf5 {[%emt 0:00:19]} 11. Qh7 {[%emt 0:00:00]} Qb6 {[%emt 0:01:02]} 12. Nf3 {[%emt 0:00:00]} Qxb2 {[%emt 0:01:19]} 13. O-O {[%emt 0:00:00]} Qxa1 {[%emt 0:04:44]} 14. Qxb7 {[%emt 0:00:00]} Rc8 {[%emt 0:03:07]} 15. Re1+ {[%emt 0:00:00]} Ne7 {[%emt 0:01:51]} 16. Nh4 {[%emt 0:00:00]} Kf7 {[%emt 0:00:23]} 17. Nxf5 {[%emt 0:00:00]} gxf5 {[%emt 0:00:15]} 18. Qb3 {[%emt 0:00:00]} Rc6 {[%emt 0:03:47]} 19. h4 {[%emt 0:00:00]} Rb6 {[%emt 0:05:09]} 20. Qd1 {[%emt 0:00:00]} f3 {[%emt 0:00:20]} 21. c4 {[%emt 0:00:00]} Re6 {[%emt 0:14:45]} 22. Rxe6 {[%emt 0:01:59]} Kxe6 {[%emt 0:00:02]} 23. cxd5+ {[%emt 0:01:37]} Nxd5 {[%emt 0:00:12]} 24. gxf3 {[%emt 0:01:31]} Qxa2 {[%emt 0:00:17]} 25. Nd2 {[%emt 0:00:37]} Bh6 {[%emt 0:00:40]} 26. Ne4 {[%emt 0:01:23]} fxe4 {[%emt 0:00:48]} 27. fxe4 {[%emt 0:00:01]} Nc3 {[%emt 0:00:22]} 28. Qg4+ {[%emt 0:00:48]} Ke7 {[%emt 0:00:07]} 29. e5 {[%emt 0:00:49]} Qb1+ {[%emt 0:02:42]} 30. Kh2 {[%emt 0:00:04]} Qe4 {[%emt 0:07:50]} 31. exf6+ {[%emt 0:00:11]} Kxf6 {[%emt 0:00:10]} 32. Qd7 {[%emt 0:01:21]} Qxh4+ {[%emt 0:06:56]} 33. Kg2 {[%emt 0:00:02]} Qg5+ {[%emt 0:00:22]} 34. Kf1 {[%emt 0:00:20]} Qb5+ {[%emt 0:00:06]} 0-1

[Event "23rd Hogeschool Zeeland Open 2019"]
[Site "Vlissingen"]
[Date "2019.08.04"]
[Round "3.12"]
[White "De Jong, Migchiel"]
[Black "Smit, Manuel"]
[Result "1-0"]
[WhiteElo "2345"]
[BlackElo "1831"]
[Annotator "TA"]
[PlyCount "61"]
[EventDate "2019.08.03"]
[EventType "swiss"]
[EventCountry "NED"]
[SourceTitle "playchess.com"]
[Source "ChessBase"]
[SourceQuality "1"]

{[%evp 9,61,5,56,54,92,102,99,96,101,88,111,114,105,112,142,120,124,108,206,147,154,138,135,131,178,158,176,188,394,379,370,382,435,420,410,418,1453,1445,1688,1627,1505,1476,2286,2221,29992,2177,29992,29993,29993,29994,29995,29996,29996,29997]} 1. e4 e6 2. d4 d5 3. Nc3 Bb4 4. e5 c5 5. Bd2 Bd7 (5... Ne7 $11) 6. a3 $14 {[%cal Ba2a3,Ba3b4,Bb4b5][%mdl 32] C17: French: 3 Nc3 Bb4 4 e5 c5 sidelines} (6. Qg4 Kf8 7. dxc5 Bxc5 8. Nf3 Nc6 9. Bd3 Nb4 10. O-O Nxd3 11. cxd3 Ne7 12. Rac1 Ng6 13. h4 h5 {1-0 (57) Pacher,M (2480)-Repka,C (2478) Banska Stiavnica 2016}) 6... cxd4 7. axb4 dxc3 8. Bxc3 {White is better.} Ne7 9. Nf3 O-O $146 ({Predecessor:} 9... Ng6 10. Bd3 Qc7 11. Qe2 O-O 12. b5 Rd8 13. h4 Nf4 {1-0 (59) Pettersen,J (1934)-Taube,G (1092) Oslo 2008}) 10. Bd3 {And now Bxh7+! would win.} h6 11. O-O Be8 12. b5 Nd7 13. Bb4 Kh8 (13... b6 $16 14. g3 Nc5) 14. Bd6 f6 15. Nd4 $36 {[%mdl 2048] White is really pushing.} Bf7 16. f4 Rg8 17. Qe2 Nc8 18. Bb4 b6 $2 (18... Re8 19. g4 Ncb6) 19. exf6 $18 Qxf6 20. Bc3 Qe7 21. Nc6 Qe8 22. f5 {Strongly threatening fxe6.} exf5 (22... e5 $142 23. Nxe5 Nf6) 23. Qd2 {[%cal Rd2h6]} Kh7 24. Rae1 Qxe1 25. Qxe1 g6 26. Qg3 Nc5 {[#]} 27. Qc7 (27. Rxf5 $142 $1 {[%mdl 512]} Be8 (27... gxf5 28. Bxf5+) 28. Qc7+ Nd7 29. Rxd5 Rg7 30. Bxg7 Ne7 31. Rxd7 Bxd7 32. Nxe7) 27... Rf8 {[#]} 28. Rxf5 $1 {[%mdl 512] White mates.} Nd6 (28... gxf5 29. Bxf5+) 29. Qxd6 Nxd3 {[#]} 30. Qf6 $1 {[%csl Gc3][%cal Rf6g7][%mdl 512]} d4 {[#]} 31. Qxd4 $1 {[%mdl 512] Accuracy: White = 73%, Black = 20%.} 1-0

[Event "23rd Hogeschool Zeeland Open 2019"]
[Site "Vlissingen"]
[Date "2019.08.04"]
[Round "3.13"]
[White "Merbis, Max"]
[Black "Grochal, Joey"]
[Result "0-1"]
[WhiteElo "2103"]
[BlackElo "2313"]
[Annotator "TA"]
[PlyCount "79"]
[EventDate "2019.08.03"]
[EventType "swiss"]
[EventCountry "NED"]
[SourceTitle "playchess.com"]
[Source "ChessBase"]
[SourceQuality "1"]

{[%evp 13,79,-15,-4,-10,-8,-8,-8,-8,-15,-30,-9,-6,-5,-15,0,-45,-59,-129,-125,-140,-138,-115,-120,-140,-93,-77,-114,-86,-68,-60,-39,-43,-36,-71,-50,-88,-69,-108,-108,-116,-106,-320,-336,-295,-310,-321,-316,-435,-295,-516,-452,-424,-248,-491,-418,-416,-400,-390,-276,-1115,-1102,-1066,-1030,-1244,-618,-1802,-867,-835]} 1. d4 Nf6 2. c4 e6 3. Nc3 Bb4 4. e3 O-O 5. Nge2 d5 6. a3 Bd6 7. cxd5 exd5 8. Ng3 {E46: Nimzo-Indian: Rubinstein: 4 e3 0-0 5 Ne2 without early Bd3} Re8 9. Bd3 Nbd7 {[%cal Bb8d7,Bd7f8,Bf8e6][%mdl 32]} (9... c5 10. dxc5 Bxc5 11. O-O Nc6 12. b4 Bb6 13. Nce2 d4 14. e4 Ne5 15. Bf4 Nfg4 16. h3 Nxd3 17. Qxd3 Ne5 18. Bxe5 Rxe5 19. f4 Re8 {1-0 (42) Nakamura,H (2787)-Topalov,V (2761) Paris 2016}) 10. O-O {The position is equal.} c6 11. Bd2 Nf8 12. Rc1 $146 ({Predecessor:} 12. Qc2 Bxg3 13. hxg3 Bg4 14. b4 Rc8 15. b5 cxb5 16. Bxb5 {0-1 (41) Kiriakakis,I (1534)-Brokalakis Gounaris,C (1773) Heraklion 2017}) 12... Ne6 13. f3 $1 g6 14. Nce2 h5 15. Nf4 (15. Nc3 $15) 15... Nxf4 $17 16. exf4 h4 $1 {[%cal Rh4g3]} 17. Ne2 Nh5 18. Qc2 Ng7 19. Rce1 Bf5 20. g4 hxg3 21. hxg3 Qf6 22. Kg2 Re7 23. Nc1 Rae8 24. Re5 Bxe5 25. fxe5 Qe6 {And now ...Bh3+ would win.} 26. Rh1 f6 $1 {[%cal Rf6e5]} 27. g4 $2 {[#]} (27. Bf4 $17) 27... Bxg4 $1 $19 28. Bxg6 {With the idea Bh7+.} (28. fxg4 Qxg4+) 28... Bf5 ({Weaker is} 28... fxe5 29. Bh7+ Kf8 30. fxg4 $17) 29. Bh7+ Kf7 30. Bxf5 Qxf5 31. Nd3 $2 (31. Qxf5 {is the only way for White.} Nxf5 32. Nd3) 31... Rg8 32. Kf2 Nh5 (32... fxe5 $142 33. dxe5 Ne6) 33. Rh4 $2 (33. Ne1 {keeps fighting.} Ng7 34. f4) 33... fxe5 34. dxe5 Ke8 35. Qc3 Reg7 {aiming for ...Rg2+.} 36. Nf4 $2 (36. Ne1) 36... Nxf4 {Black is clearly winning.} 37. Rxf4 Qb1 38. Ke3 {[#]} Rg2 (38... c5 $142 $1 39. Bc1 (39. Qxc5 Qg1+) 39... d4+ 40. Rxd4 cxd4+ 41. Kxd4 Qf5) 39. e6 {[#]} Qf1 (39... c5 $142 $1 40. Qc1 (40. Qxc5 Qg1+) 40... Qg6) 40. Kd4 {Accuracy: White = 32%, Black = 55%.} 0-1

[Event "23rd Hogeschool Zeeland Open 2019"]
[Site "Vlissingen"]
[Date "2019.08.04"]
[Round "3.14"]
[White "Van Liempt, Michael"]
[Black "Nebolsina, Vera"]
[Result "1/2-1/2"]
[WhiteElo "2091"]
[BlackElo "2269"]
[Annotator "NA"]
[PlyCount "67"]
[EventDate "2019.08.03"]
[EventType "swiss"]
[EventCountry "NED"]
[SourceTitle "playchess.com"]
[Source "ChessBase"]
[SourceQuality "1"]
[TimeControl "40/5400+30:1800+30"]

1. e4 {[%emt 0:00:00]} g6 {[%emt 0:00:00]} 2. d4 {[%emt 0:00:00]} Bg7 {[%emt 0:00:00]} 3. c4 {[%emt 0:00:34]} d6 {[%emt 0:00:29]} 4. Nc3 {[%emt 0:00:24]} Nf6 {[%emt 0:04:20]} 5. Nf3 {[%emt 0:01:31]} O-O {[%emt 0:00:15]} 6. Be2 {[%emt 0:00:26]} e5 {[%emt 0:00:29]} 7. d5 {[%emt 0:01:20]} a5 {[%emt 0:04:14]} 8. O-O {[%emt 0:01:46]} Na6 {[%emt 0:00:36]} 9. Ne1 {[%emt 0:01:49]} Nc5 {[%emt 0:00:52]} 10. Qc2 {[%emt 0:01:01]} Bg4 {[%emt 0:08:42]} 11. Bxg4 {[%emt 0:08:18]} Nxg4 {[%emt 0:00:05]} 12. f3 {[%emt 0:00:37]} Nf6 {[%emt 0:01:29]} 13. Be3 {[%emt 0:03:44]} b6 {[%emt 0:00:35]} 14. b3 {[%emt 0:03:12]} Nh5 {[%emt 0:01:47]} 15. Rd1 {[%emt 0:01:55]} f5 {[%emt 0:01:35]} 16. a3 {[%emt 0:05:13]} f4 {[%emt 0:04:53]} 17. Bf2 {[%emt 0:00:45]} Bf6 {[%emt 0:02:13]} 18. b4 {[%emt 0:03:13]} axb4 {[%emt 0:00:08]} 19. axb4 {[%emt 0:00:16]} Nd7 {[%emt 0:00:27]} 20. Nd3 {[%emt 0:00:57]} Bh4 {[%emt 0:00:44]} 21. Bxh4 {[%emt 0:18:38]} Qxh4 {[%emt 0:00:15]} 22. Ra1 {[%emt 0:01:51]} Qe7 {[%emt 0:13:50]} 23. Nb5 {[%emt 0:03:35]} Ndf6 {[%emt 0:00:24]} 24. c5 {[%emt 0:02:35]} bxc5 {[%emt 0:07:37]} 25. bxc5 {[%emt 0:00:49]} Rxa1 {[%emt 0:04:00]} 26. Rxa1 {[%emt 0:00:32]} Rb8 {[%emt 0:00:09]} 27. cxd6 {[%emt 0:03:01]} cxd6 {[%emt 0:00:14]} 28. Qc6 {[%emt 0:01:41]} Ne8 {[%emt 0:00:29]} 29. Ra7 {[%emt 0:06:17]} Qd8 {[%emt 0:00:19]} 30. Nc7 {[%emt 0:11:05]} Qh4 {[%emt 0:10:19]} 31. Ra1 {[%emt 0:00:09]} Ng3 {[%emt 0:02:18]} 32. Nxe8 {[%emt 0:03:59]} Ne2+ {[%emt 0:00:10]} 33. Kh1 {[%emt 0:01:35]} Ng3+ {[%emt 0:00:07]} 34. Kg1 {[%emt 0:14:12]} 1/2-1/2

[Event "23rd Hogeschool Zeeland Open 2019"]
[Site "Vlissingen"]
[Date "2019.08.04"]
[Round "3.15"]
[White "Volkers, Annemarie"]
[Black "Afek, Yochanan"]
[Result "1/2-1/2"]
[WhiteElo "1966"]
[BlackElo "2253"]
[Annotator "NA"]
[PlyCount "57"]
[EventDate "2019.08.03"]
[EventType "swiss"]
[EventCountry "NED"]
[SourceTitle "playchess.com"]
[Source "ChessBase"]
[SourceQuality "1"]
[TimeControl "40/5400+30:1800+30"]

1. e4 {[%emt 0:00:00]} c5 {[%emt 0:00:00]} 2. Nf3 {[%emt 0:00:00]} Nc6 {[%emt 0:00:11]} 3. d4 {[%emt 0:00:02]} cxd4 {[%emt 0:00:05]} 4. Nxd4 {[%emt 0:00:05]} g6 {[%emt 0:00:04]} 5. Nc3 {[%emt 0:00:31]} Bg7 {[%emt 0:00:11]} 6. Nde2 {[%emt 0:00:16]} Nf6 {[%emt 0:03:34]} 7. g3 {[%emt 0:00:41]} b6 {[%emt 0:00:12]} 8. Bg2 {[%emt 0:00:10]} Ba6 {[%emt 0:00:07]} 9. O-O {[%emt 0:01:47]} O-O {[%emt 0:01:17]} 10. Re1 {[%emt 0:05:45]} Rc8 {[%emt 0:00:18]} 11. h3 {[%emt 0:03:36]} d6 {[%emt 0:01:43]} 12. a4 {[%emt 0:05:50]} h6 {[%emt 0:06:35]} 13. Nb5 {[%emt 0:06:27]} Bb7 {[%emt 0:00:50]} 14. Ned4 {[%emt 0:04:16]} Nxd4 {[%emt 0:07:20]} 15. Nxd4 {[%emt 0:01:39]} a6 {[%emt 0:01:56]} 16. e5 {[%emt 0:07:57]} dxe5 {[%emt 0:06:55]} 17. Bxb7 {[%emt 0:02:09]} Rc7 {[%emt 0:02:45]} 18. Ne6 {[%emt 0:06:12]} fxe6 {[%emt 0:06:43]} 19. Bxa6 {[%emt 0:01:17]} Qxd1 {[%emt 0:10:35]} 20. Rxd1 {[%emt 0:02:33]} Rxc2 {[%emt 0:02:33]} 21. Bd3 {[%emt 0:01:43]} Rc6 {[%emt 0:00:10]} 22. Bxg6 {[%emt 0:03:24]} e4 {[%emt 0:00:12]} 23. Bd2 {[%emt 0:02:01]} Rc2 {[%emt 0:23:37]} 24. Rab1 {[%emt 0:03:53]} Ra8 {[%emt 0:08:27]} 25. Be3 {[%emt 0:12:14]} Rb8 {[%emt 0:01:07]} 26. b4 {[%emt 0:02:26]} Ra2 {[%emt 0:00:36]} 27. Ra1 {[%emt 0:04:42]} Rxa1 {[%emt 0:01:02]} 28. Rxa1 {[%emt 0:00:05]} Nd5 {[%emt 0:14:55]} 29. Rc1 {[%emt 0:05:43]} 1/2-1/2

[Event "23rd Hogeschool Zeeland Open 2019"]
[Site "Vlissingen"]
[Date "2019.08.04"]
[Round "3.16"]
[White "Weber, Dirk"]
[Black "Galle, Andre"]
[Result "1-0"]
[WhiteElo "2227"]
[BlackElo "1983"]
[Annotator "TA"]
[PlyCount "100"]
[EventDate "2019.08.03"]
[EventType "swiss"]
[EventCountry "NED"]
[SourceTitle "playchess.com"]
[Source "ChessBase"]
[SourceQuality "1"]

{[%evp 9,100,11,16,14,40,23,29,13,11,-10,29,10,10,0,34,8,20,5,15,0,10,-23,-15,-28,0,0,0,0,0,0,0,0,0,-130,-110,-109,32,20,24,21,33,20,33,40,36,26,50,8,61,-8,18,8,5,9,7,0,18,-15,-11,-14,8,8,8,8,105,105,105,105,105,105,129,134,962,936,29978,8,382,318,931,823,1170,1244,2327,2110,29980,29981,29981,29982,29982,29983,29983,29984,29987]} 1. c4 f5 2. Nc3 Nf6 3. g3 d6 4. Bg2 g6 (4... e5 5. d3 Be7 6. e4 c6 7. Nge2 O-O 8. O-O Qe8 9. Qb3 Na6 10. c5+ Kh8 11. cxd6 Bxd6 12. exf5 Nc5 13. Qc2 Bxf5 14. Ne4 Nfxe4 15. dxe4 {½-½ (28) Nisipeanu,L (2672)-Kindermann,S (2502) Germany 2018}) 5. e3 c6 6. Nge2 {A10: English Opening: Unusual Replies for Black} a5 7. O-O Bg7 8. Rb1 {White has an edge.} O-O 9. a3 $146 ({Predecessor:} 9. d3 e5 10. b3 Na6 11. Qd2 Rb8 12. Bb2 Re8 13. f4 Bd7 14. Rbe1 b5 15. cxb5 cxb5 16. Nd5 Nxd5 17. Bxd5+ Kh8 {½-½ (64) Malakhatko,V (2537)-Malaniuk,V (2525) Bydgoszcz 1999}) 9... Na6 10. d3 e5 11. Qc2 g5 12. d4 e4 13. b4 axb4 14. axb4 Be6 15. d5 cxd5 16. Nd4 Qe7 (16... Bd7 {keeps more tension.} 17. f3 Rc8 18. Qe2 Nc7 19. cxd5 exf3 20. Bxf3 Qe8) 17. Nxe6 Qxe6 18. cxd5 Nxd5 19. Nxd5 Qxd5 20. f3 {[%cal Rf3e4]} Rfc8 21. fxe4 (21. Qd1 $11 Qa2 22. Qb3+ Qxb3 23. Rxb3) 21... Rxc2 $17 22. exd5 {[#]} Rf8 (22... Nc7 $1 $17 23. Rxf5 Raa2) 23. e4 $14 fxe4 {Hoping for ...Bd4+.} 24. Rxf8+ Kxf8 25. Bxe4 Bd4+ 26. Kh1 Re2 27. Bxh7 Re5 28. Ba3 Kg7 (28... Re3 $11 29. Bc1 Re5) 29. Bc2 (29. Bd3 $14) 29... Nc7 (29... Re3 $5 {[%cal Re3a3]} 30. Rd1 Rxa3 31. Rxd4 Ra1+ 32. Bd1 Kf6 $11) 30. Rd1 Bc3 31. Bb3 Nb5 32. Rd3 Bd4 33. h3 Re1+ 34. Kg2 Ra1 {White must now prevent ...Bf6.} 35. Rxd4 Rxa3 $11 {[%mdl 4096] Endgame KRB-KRN} 36. Rd3 Nd4 (36... Nc7 $11 {remains equal.}) 37. Bc4 $16 Rxd3 38. Bxd3 {Strongly threatening Kf2. KB-KN} Kf6 39. h4 gxh4 40. gxh4 {And now Kf2 would win.} Ke5 $2 {[%mdl 8192]} (40... Nb3 $16) 41. h5 $18 Nf5 42. Kh3 $2 (42. Bxf5 {mates} Kxf5 43. Kf3 Ke5 44. h6 Kf6 45. h7 Kg7 46. Ke4 Kxh7 47. Kf5) 42... Nh6 $2 {[%mdl 8192]} (42... Ne3 $1 $11) 43. Kh4 {Kg5 is the strong threat.} Kf4 $2 (43... Kf6 44. Bg6 b6) 44. Bg6 Ng8 45. Bf7 Nh6 46. Be6 Nf5+ 47. Bxf5 {White mates.} Kxf5 48. b5 b6 {[#]} 49. h6 $1 Kg6 50. Kg4 Kf7 {Accuracy: White = 45%, Black = 22%.} 1-0